Normal view
MARC view
- Freeman, P.J
Entry Personal Name
001 - CONTROL NUMBER
- control field: 6547
003 - CONTROL NUMBER IDENTIFIER
- control field: OSt
005 - DATE AND TIME OF LATEST TRANSACTION
- control field: 20241223153719.0
008 - FIXED-LENGTH DATA ELEMENTS
- fixed length control field: 241223|| aca||aabn | a|a d
040 ## - CATALOGING SOURCE
- Original cataloging agency: OSt
- Transcribing agency: OSt
100 ## - HEADING--PERSONAL NAME
- Personal name: Freeman, P.J
670 ## - SOURCE DATA FOUND
- Source citation: Work cat.: (OSt)1972: Freeman, P.J ., Worked examples in direct current for engineering students / , 1966.
